Microeconomics : Canada in the global environment (Record no. 32)

000 -LEADER
fixed length control field 00561nam a22001937a 4500
003 - CONTROL NUMBER IDENTIFIER
control field OSt
005 - DATE AND TIME OF LATEST TRANSACTION
control field 20210528091934.0
008 - FIXED-LENGTH DATA ELEMENTS--GENERAL INFORMATION
fixed length control field 210528b ||||| |||| 00| 0 eng d
020 ## - INTERNATIONAL STANDARD BOOK NUMBER
International Standard Book Number 9780321563880
040 ## - CATALOGING SOURCE
Transcribing agency Alupe University
050 ## - LIBRARY OF CONGRESS CALL NUMBER
Classification number HB172
Item number .P37 2010
245 ## - TITLE STATEMENT
Title Microeconomics : Canada in the global environment
260 ## - PUBLICATION, DISTRIBUTION, ETC.
Place of publication, distribution, etc. Brantford, Ont.
Name of publisher, distributor, etc. W. Ross MacDonald School Resource Services Library
Date of publication, distribution, etc. 2011
500 ## - GENERAL NOTE
General note Includes index.
650 ## - SUBJECT ADDED ENTRY--TOPICAL TERM
General subdivision Microeconomics
700 ## - ADDED ENTRY--PERSONAL NAME
Fuller form of name Robin Bade
942 ## - ADDED ENTRY ELEMENTS (KOHA)
Source of classification or shelving scheme
Koha item type Book
Suppress in OPAC MW
Holdings
Withdrawn status Lost status Source of classification or shelving scheme Damaged status Not for loan Permanent Location Current Location Shelving location Date acquired Total Checkouts Full call number Barcode Date last seen Copy number Price effective from Koha item type Public note
          AU LIBRARY AU LIBRARY Open Shelf 28.05.2021   HB172 .P37 2010 C1 28000566 28.05.2021 1 28.05.2021 Book MW
          AU LIBRARY AU LIBRARY Open Shelf 14.06.2021   HB172 .P37 2010 C2 28002816 14.06.2021 2 14.06.2021 Book DO
          AU LIBRARY AU LIBRARY Open Shelf 14.06.2021   HB172 .P37 2010 C3 28002980 14.06.2021 3 14.06.2021 Book DO
          AU LIBRARY AU LIBRARY Open Shelf 14.06.2021   HB172 .P37 2010 C4 28003192 14.06.2021 4 14.06.2021 Book DO
          AU LIBRARY AU LIBRARY Open Shelf 14.06.2021   HB172 .P37 2010 C5 28001052 14.06.2021 5 14.06.2021 Book DO

Powered by Koha